A Panegyric on John the Baptist /

محفوظ في:

المؤلف الرئيسي: Theodosius, Abp. of Alexandria, -566 (مؤلف)

مؤلفون آخرون: Kuhn, K. H. 1919-

التنسيق: كتاب

اللغة: English
Coptic

منشور في: Louvain : Secrétariat du Corpus SCO, 1966.

سلاسل: Corpus scriptorum Christianorum Orientalium. Scriptores Coptici ; 33-34.
CSCO.SC ; 33-34.

الموضوعات:

الوسوم: إضافة وسم

لا توجد وسوم, كن أول من يضع وسما على هذه التسجيلة!

رقم الطلب: BX100 .C8 C8 v.33-34

LEADER 00983namaa2200277 4500
001 21716
003 OSt
005 20250313092430.0
008 130303s1966 be g b 000 0 eng d
010 |a 77381836 
040 |c ARCE Library 
041 1 |a eng  |h cop 
050 4 |a BX100 .C8 C8 v.33-34 
100 0 |a Theodosius,   |c Abp. of Alexandria,   |d  -566,  |e author  |9 41025 
245 1 2 |a A Panegyric on John the Baptist /  |c attributed to Theodosius Archbishop of Alexandria ; Translated [from the Coptic] by K. H. Kuhn. 
264 1 |a Louvain :  |b Secrétariat du Corpus SCO,  |c 1966. 
300 |a 2 volumes in 1. ;   |c 25 cm. 
490 0 |a Corpus scriptorum Christianorum Orientalium. Scriptores Coptici ;   |v 33-34. 
490 0 |a CSCO.SC ;   |v 33-34. 
504 |a Bibliographical footnotes.  
600 0 0 |a John,  |c the Baptist, Saint  |v Sources. 
630 0 0 |a Hours of Catherine of Cleves. 
700 1 |a Kuhn, K. H.  |q (Karl Heinz),  |d 1919- 
901 |a reviewed 
942 |c BK  |2 lcc 
999 |c 21931  |d 21931